| 000 | 00573nam a2200229Ia 4500 | ||
|---|---|---|---|
| 003 | OSt | ||
| 005 | 20251103132540.0 | ||
| 008 | 210423s2021 xx 000 0 und d | ||
| 020 | _a978-0-367-42177-9 | ||
| 040 | _cAL | ||
| 041 | _aEnglish | ||
| 082 |
_a343.41099 _bSMAM |
||
| 100 |
_aUrsula Smartt _998002 |
||
| 245 | _aMedia law for journalists | ||
| 250 | _a2 | ||
| 260 |
_aNew York _bRoutledge _c2021 |
||
| 300 |
_axliii,286 _bPB |
||
| 365 |
_b3434.26 _cINR |
||
| 650 |
_aMass Media Law _998003 |
||
| 906 | _aEd2 ; journalists ; law ; Media | ||
| 942 |
_2ddc _cBK |
||
| 999 |
_c170929 _d170929 |
||